000
00294nam a22001337a 4500
008
181219b xxu||||| |||| 00| 0 eng d
020
_a
82716002
041
_a
eng
080
_2
3rd
_a
820
100
_a
21
101
_a
GJL
245
_a
American Literature
_c
Solzhenitsyn,A
942
_2
udc
_c
BK
999
_c
53512
_d
53512